| 000 | 00378nam a2200157Ia 4500 | ||
|---|---|---|---|
| 008 | 210210b1985 xxu||||| |||| 00| 0 eng d | ||
| 020 | _a0 07 451681 7 | ||
| 082 | _a621.3811 IYEC | ||
| 100 | _aIYER (T S K V). | ||
| 245 | _aCircuit theory. | ||
| 260 |
_aNew Delhi. _bT M H _c1985 |
||
| 300 | _axv,520 | ||
| 650 | _aCircuit Theory | ||
| 690 | _aElectronics | ||
| 906 | _a037214 | ||
| 999 |
_c87474 _d87474 |
||